LEADER 03578nam 2200697 a 450 001 9910459317103321 005 20200520144314.0 010 $a1-282-53836-5 010 $a9786612538360 010 $a0-226-23799-0 024 7 $a10.7208/9780226237992 035 $a(CKB)2670000000017074 035 $a(EBL)515740 035 $a(OCoLC)644605729 035 $a(SSID)ssj0000413880 035 $a(PQKBManifestationID)11293387 035 $a(PQKBTitleCode)TC0000413880 035 $a(PQKBWorkID)10386017 035 $a(PQKB)10883556 035 $a(MiAaPQ)EBC515740 035 $a(DE-B1597)535487 035 $a(OCoLC)1124391281 035 $a(DE-B1597)9780226237992 035 $a(Au-PeEL)EBL515740 035 $a(CaPaEBR)ebr10381156 035 $a(CaONFJC)MIL253836 035 $a(EXLCZ)992670000000017074 100 $a19870709d1988 uy 0 101 0 $aeng 135 $aur||||||||||| 181 $ctxt$2rdacontent 182 $cc$2rdamedia 183 $acr$2rdacarrier 200 10$aChicago '68$b[electronic resource] /$fDavid Farber 210 $aChicago $cUniversity of Chicago Press$d1988 215 $a1 online resource (349 p.) 300 $aDescription based upon print version of record. 311 $a0-226-23801-6 311 $a0-226-23800-8 320 $aIncludes bibliographical references (p. 259-296) and index. 327 $tFrontmatter -- $tContents -- $tPreface -- $tIntroduction -- $tAbbreviations -- $t1. Making Yippie! -- $t2. The Politics of Laughter -- $t3. Gandhi and Guerrilla -- $t4. Mobilizing in Molasses -- $t5. The Mayor and the Meaning of Clout -- $t6. The City of Broad Shoulders -- $t7. The Streets Belong to the People -- $t8 Inside Yippie! -- $t9 Thinking about the Mobe and Chicago '68 -- $t10 Public Feelings -- $tNotes -- $tIndex 330 $aEntertaining and scrupulously researched, Chicago '68 reconstructs the 1968 Democratic Convention in Chicago-an epochal moment in American cultural and political history. By drawing on a wide range of sources, Farber tells and retells the story of the protests in three different voices, from the perspectives of the major protagonists-the Yippies, the National Mobilization to End the War, and Mayor Richard J. Daley and his police. He brilliantly recreates all the excitement and drama, the violently charged action and language of this period of crisis, giving life to the whole set of cultural experiences we call "the sixties." "Chicago '68 was a watershed summer. Chicago '68 is a watershed book. Farber succeeds in presenting a sensitive, fairminded composite portrait that is at once a model of fine narrative history and an example of how one can walk the intellectual tightrope between 'reporting one's findings' and offering judgements about them."-Peter I. Rose, Contemporary Sociology 517 3 $aChicago sixty-eight 606 $aRiots$zIllinois$zChicago$xHistory$y20th century 606 $aPolitical conventions$zIllinois$zChicago$xHistory$y20th century 606 $aRadicalism$zIllinois$zChicago$xHistory$y20th century 607 $aUnited States$xPolitics and government$y1963-1969 607 $aChicago (Ill.)$xHistory$y1875- 608 $aElectronic books. 615 0$aRiots$xHistory 615 0$aPolitical conventions$xHistory 615 0$aRadicalism$xHistory 676 $a977.3/11043 700 $aFarber$b David R$0904606 801 0$bMiAaPQ 801 1$bMiAaPQ 801 2$bMiAaPQ 906 $aBOOK 912 $a9910459317103321 996 $aChicago '68$92478556 997 $aUNINA LEADER 01313nas 2200421 a 450 001 996210657903316 005 20221206220843.0 011 $a1872-7352 035 $a(OCoLC)38840682 035 $a(CKB)954926232411 035 $a(CONSER) 2003242034 035 $a(DE-599)ZDB1478763-5 035 $a(EXLCZ)99954926232411 100 $a19980324a19839999 sy a 101 0 $aeng 135 $aurunu||||| 200 10$aComputational statistics & data analysis$b[e-journal] 210 $a[Amsterdam?] $cNorth-Holland 300 $aRefereed/Peer-reviewed 311 $a0167-9473 517 1 $aComputational statistics and data analysis 531 $aCOMPUTATIONAL STATISTICS AND DATA ANALYSIS 531 $aCOMPUT. STATIST. DATA ANAL 531 $aCOMPUT STAT DATA ANAL 531 $aCOMPUT STAT DATA AN 531 $aCOMPUT ST D 531 0 $aComput. stat. data anal. 531 $aCOMPUT. STAT. DATA ANAL 606 $aStatistics$vPeriodicals 606 $aMathematical statistics$vPeriodicals 608 $aPeriodicals. 615 0$aStatistics 615 0$aMathematical statistics 712 02$aInternational Association for Statistical Computing. 906 $aJOURNAL 912 $a996210657903316 996 $aComputational statistics & data analysis$91412490 997 $aUNISA